| Поле | Инд. | ПП | Название | Значение |
|---|---|---|---|---|
| Тип записи | a | |||
| Библиографический уровень | m | |||
| 001 | Контрольный номер | RU/IS/BASE/226419502 | ||
| 005 | Дата корректировки | 20140505113300.7 | ||
| 020 | 00 | a | ISBN | 5-7838-0684-6 |
| c | Цена, тираж | 43-55 | ||
| 084 | a | Индекс другой классификации/Индекс ББК | 63.2+68.42+67.401.0 | |
| 090 | a | Полочн. индекс | 63.2 | |
| x | Авторский знак | Б 21 | ||
| 100 | 10 | a | Автор | Балязин В. Н. |
| 245 | 00 | a | Заглавие | Самые знаменитые награды России |
| 260 | 00 | a | Место издания | Москва |
| b | Издательство | Вече | ||
| c | Дата издания | 2000 | ||
| 300 | 00 | a | Объем | 416 с. |
| 440 | 00 | a | Серия | Самые знаменитые |
| 650 | _4 | a | Основная рубрика | Нумизматика |
| 653 | 00 | a | Ключевые слова | Медали |
| a | Ключевые слова | Ордена | ||
| 700 | 10 | a | Другие авторы | Дуров В. А. |
| 700 | 10 | a | Другие авторы | Казакевич А. Н. |
| 990 | 00 | f | Даты поступлений (DOS) | 02.01 |